Statistiques concernant Chaîne de mots "3 consonnes"

Cliquez ici pour prendre le quiz!

Statistiques générales

  • Ce quiz a été pris 48 fois
  • Le résultat moyen est 11 sur 30

Statistiques - réponses

DéfinitionRéponse% Correct
Isocèle il peut l'êtreTriangle
96%
Capitale de la SuèdeStockholm
79%
Pays de Kaboul, Kandahar et JalalabadAfghanistan
72%
Alla a piedMarcha
64%
7 fois champion de F1Schumacher
62%
Alcool dont l'ingrédient principal est le vin rougeSangria
57%
Forme géométrique à 4 cotés mais pas tous égauxRectangle
55%
Régime politique de l'Afrique du Sud de 1948 à 1991Apartheid
53%
-Nomie, -Entérite, -ScopieGastro
51%
A cause d'elle on va très souvent aux toilettesDiarrhée
49%
Lingerie très fineString
49%
Capitale du TchadN'Djamena
45%
Style de livre ou Chanson de Michael JacksonThriller
43%
Le E dans EURLEntreprise
40%
Love Generation de Bob _ _ _ _ _ _ _Sinclar
38%
Habitants du pays d'AchgabatTurkmènes
36%
Espèce de mammifères omnivores et forestiersSanglier
30%
Grandes salles dans les établissements scolairesAmphithéâtres
28%
Navires de plaisance à voiles ou à moteursYachts
28%
Synonyme de malgréNonobstant
23%
Synonyme de ferme ou exploitationRanch
23%
Plante de 8 lettres dans la sauce gribicheEstragon
21%
On les prends le premier jour où l'on arrive en posteFonctions
21%
Les fleurs de la passion suprêmeOrchidées
21%
Synonyme de limitatifRestrictif
21%
Montagne d'ÉcosseHighlands
15%
Au foot, synonyme d'un tir qui va direct dedansRentrant
9%
Qui n'est pas obligé d'accomplirExempt
2%
Pigment jaune que l'on rencontre dans le jaune d'œufXanthogénique
2%
Élément du mobilier qui comble le vide de l'espacementEntredeux
0%

Distribution des résultats

Percentile par nombre de réponses

% des personnes avec chaque résultat

Votre développement - résultats

Vous n’avez pas pris ce quiz